ՀՀ Գիտությունների ազգային ակադեմիայի հիմնարար գիտական գրադարան  =   Fundamental Scientific Library of NAS RA

Почечный синдром при системных поражениях сосудов и соединительной ткани : (Record no. 347870)

MARC details
000 -LEADER
fixed length control field 00987nam a2200217 a 4500
001 - CONTROL NUMBER
control field 001073488
003 - CONTROL NUMBER IDENTIFIER
control field AM-YeHGA
005 - DATE AND TIME OF LATEST TRANSACTION
control field 20250617151249.0
008 - FIXED-LENGTH DATA ELEMENTS--GENERAL INFORMATION
fixed length control field 150417s1975 ||| r 000 0 rus d
040 ## - CATALOGING SOURCE
Original cataloging agency AM-YeHGA
041 0# - LANGUAGE CODE
Language code of text/sound track or separate title rus
090 ## - LOCALLY ASSIGNED LC-TYPE CALL NUMBER (OCLC); LOCAL CALL NUMBER (RLIN)
-- 349677
100 1# - MAIN ENTRY--PERSONAL NAME
Personal name Матвеев, Михаил Павлович
245 10 - TITLE STATEMENT
Title Почечный синдром при системных поражениях сосудов и соединительной ткани :
Remainder of title (Лекции 1,2) /
Statement of responsibility, etc. М.П. Матвеев, С.В. Левицкая; Центральный институт усовершенствования врачей.
260 ## - PUBLICATION, DISTRIBUTION, ETC.
Place of publication, distribution, etc. Москва :
Name of publisher, distributor, etc. Б.и.,
Date of publication, distribution, etc. 1975.
300 ## - PHYSICAL DESCRIPTION
Extent 40 с.
440 #0 - SERIES STATEMENT/ADDED ENTRY--TITLE
Title Учебное телевидение
653 0# - INDEX TERM--UNCONTROLLED
Uncontrolled term Болезни почек у детей
700 1# - ADDED ENTRY--PERSONAL NAME
Personal name Левицкая, Светлана Викторовна
710 2# - ADDED ENTRY--CORPORATE NAME
Corporate name or jurisdiction name as entry element Центральный институт усовершенствования врачей
Holdings
Withdrawn status Lost status Source of classification or shelving scheme Damaged status Not for loan Collection Home library Current library Date acquired Total checkouts Full call number Barcode Date last seen Price effective from Koha item type Public note
    Universal Decimal Classification     General Fundamental Scientific Library Fundamental Scientific Library 11/01/2017   PII/366687 FL0332734 11/01/2017 11/01/2017 Գրքեր / Books 30 Days Loan


ՀՀ ԳԱԱ հիմնարար գիտական գրադարան
ՀՀ,Երևան 0019
Մարշալ Բաղրամյան 24/6
հեռախոս:(374-10) 52-47-50
Հետադարձ կապ

All site content, except where otherwise noted, is licensed under a
Creative Commons License